Statistiques concernant đź“– 150 premiers mots "Et soudain tout change" Legardinier

Cliquez ici pour prendre le quiz!

Statistiques générales

  • Ce quiz a Ă©tĂ© pris 17 fois
  • Le rĂ©sultat moyen est 82 sur 150

Statistiques - réponses

Mots% Correct
A
100%
a
100%
Ă 
100%
d'
100%
de
100%
l'
100%
Mauretta.
100%
que
100%
C'
92%
des
92%
elle
92%
en ...
92%
est
92%
et
92%
Il
92%
La
92%
la
92%
lĂ ,
92%
le
92%
les
92%
mais
92%
pour
92%
un
92%
Une
92%
une
92%
ce
85%
n'
85%
ne
85%
on
85%
son
85%
avoir
77%
ĂŞtre.
77%
nous
77%
par
77%
pas
77%
sur
77%
Sur
77%
nuit,
69%
peu
69%
tous
69%
comme
54%
eu
54%
froid.
54%
peut-
54%
sommes
54%
aurait
46%
aussi
46%
cause
46%
faisait
46%
jamais
46%
Mlle
46%
quelques
46%
temps
46%
autres,
38%
avons
38%
Axel
38%
courage
38%
LĂ©o
38%
Pauline
38%
aider
31%
après
31%
Après
31%
attend
31%
déjà
31%
fin
31%
personne,
31%
petite
31%
uns
31%
ville
31%
dernière
23%
jeu
23%
Seule,
23%
soutenir.
23%
contre
15%
fallut
15%
oie.
15%
possible.
15%
pourtant
15%
rues
15%
affronter
8%
case,
8%
derrière,
8%
désertes.
8%
devant,
8%
enfant
8%
gré.
8%
hivernal
8%
lycée
8%
moitié
8%
perspective
8%
plateau
8%
quitté
8%
réjouit
8%
traverser
8%
vite
8%
adresse.
0%
bitume,
0%
brume
0%
cercles
0%
cours,
0%
décidés.
0%
emmène
0%
flotte
0%
humide
0%
lumineux
0%
marchent
0%
obtenir
0%
parcourant
0%
pions
0%
projettent
0%
réverbères
0%
ruser
0%
traîne
0%
traversons
0%
victoire
0%

Distribution des résultats

Percentile par nombre de réponses

% des personnes avec chaque résultat

Votre développement - résultats

Vous n’avez pas pris ce quiz